Pobreza: un tema impostergable, nuevas respuestas a nivel mundial

I tiakina i:
Ngā taipitopito rārangi puna kōrero
Kaituhi matua: Kliksberg, Bernardo (Author)
Hōputu: Pukapuka
Reo:Pāniora
I whakaputaina: Ciudad de México Fondo de Cultura Económica 1993
Rangatū:Sección de obras de economía contemporanea
Ngā marau:
Ngā Tūtohu: Tāpirihia he Tūtohu
Kāore He Tūtohu, Me noho koe te mea tuatahi ki te tūtohu i tēnei pūkete!

MARC

LEADER 00000nam a2200000 a 4500
001 UCZ1852
003 CL-VaPUC
008 950914e19930000MX |||||||||||||||||spa|d
082 0 4 |a 305.523  |b KLI  |2 21 
100 |a Kliksberg, Bernardo  |e author  |9 497897 
245 1 0 |a Pobreza: un tema impostergable, nuevas respuestas a nivel mundial 
300 |a 432 p 
942 |c BK 
945 |d 19950914 00:00:00  |a rbrito 
260 |a Ciudad de México  |b Fondo de Cultura Económica  |c 1993 
650 0 |a Pobreza  |9 258652 
650 7 |a INDIGENCIA  |2 CL-VaPUC  |9 345528 
650 7 |a LUCHA CONTRA LA POBREZA  |2 CL-VaPUC  |9 345529 
650 7 |a POBRES  |2 CL-VaPUC  |9 311341 
650 0 |a Condiciones económicas  |9 258255 
650 7 |a DESVENTAJA SOCIAL  |2 CL-VaPUC  |9 321790 
650 7 |a HAMBRE  |2 CL-VaPUC  |9 316139 
650 0 |a Política social  |9 257588 
650 0 |a Condiciones sociales   |9 257278 
651 0 |a América Latina   |9 255027 
583 |a last modification  |c 19950914 00:00:00  |k Rodrigo Vera 
490 0 |a Sección de obras de economía contemporanea 
999 |c 238534  |d 238532 
952 |0 0  |1 0  |4 0  |6 305_523000000000000_KLI_1993  |7 0  |8 A  |9 248780  |a BIBGIM  |b BIBGIM  |d 2019-11-18  |i 3130916  |o 305.523 KLI 1993  |p 3130916  |r 2025-01-15  |w 2019-11-18  |y BK  |k SSL 
952 |0 0  |1 0  |4 0  |6 305_523000000000000_KLI_1993  |7 0  |8 A  |9 248781  |a BIBING  |b BIBING  |d 2019-11-18  |i 3029492  |o 305.523 KLI 1993  |p 3029492  |r 2025-01-20  |w 2019-11-18  |y BK  |k GEO